| 000 | 00873nam a22001937a 4500 | ||
|---|---|---|---|
| 999 |
_c5932 _d5932 |
||
| 005 | 20251202113124.0 | ||
| 008 | 251202b ||||| |||| 00| 0 eng d | ||
| 020 | _a9781407219790 | ||
| 040 | _cKH8 | ||
| 082 | _a 823.914 SIM | ||
| 100 |
_aSIMON,FRANCESCA _eAUTHOR |
||
| 245 |
_aA HANDFUL OF HORRID HENRY _b3 BOOKS IN 1 |
||
| 260 |
_aCarmelite House,London EC4Y 0DZ _bOrion Children's Books _c2000 |
||
| 300 |
_a287 pages _bb illustration _c12 cm x 19 cm |
||
| 520 | _aHorrid Henry creates havoc wherever he goes. To his well-meaning parents and to every adult whose path he crosses, he is the ultimate nightmare child. His naughtiness is of the kind all children secretly admire and few dare to aspire to. He doesn't always mean to be bad, but the best- laid plans have a habit of going wrong... | ||
| 650 | _aJuvenile Literature | ||
| 655 | _aHumour | ||
| 942 |
_2ddc _cFIC |
||